|
|
|
|
| LEADER |
00000cam a2200000 i 4500 |
| 001 |
1/93696 |
| 008 |
080912s1976 gr | ||| |||| ||gre|| |
| 035 |
|
|
|l 10100083
|
| 040 |
|
|
|a GR-MyUa
|b gre
|e AACR2
|
| 041 |
0 |
|
|a gre
|
| 082 |
7 |
|
|a 938.977
|2 (22)
|
| 100 |
1 |
|
|a Γιαννακές, Ιωάννης.
|
| 245 |
1 |
3 |
|a Το χωριόν Απολακκιά - Ρόδου και η λαογραφία του /
|c Ιωάννου Γιαννακέ.
|
| 260 |
|
|
|a Αθήναι :
|b [χ.ό.],
|c 1976.
|
| 300 |
|
|
|a 86 σ. ;
|c 21 εκ.
|
| 650 |
|
0 |
|a Folklore and history
|z Greece
|z Rhodes (Island)
|
| 651 |
|
0 |
|a Rhodes (Greece : Island)
|x Social life and customs
|x Sources.
|
| 852 |
|
|
|a INST
|b RHODES
|c AKA
|e 20080912
|h 938.977 ΓΙΑ
|p 005400028461
|q 005400028461
|t BK
|y 0
|
| 901 |
|
|
|a BIBL4-2008-3
|
| 970 |
|
|
|a ΚΟΖΑ
|b ΜΑΡΙΑ
|z 2008/09/12
|